| 000 | 01032nam a2200301 i 4500 | ||
|---|---|---|---|
| 003 | IT-RoINE | ||
| 005 | 20190109063123.0 | ||
| 008 | 081218s2008 fr |||||r |||1|||fre|d | ||
| 020 | _a9782204085724 | ||
| 040 |
_cIT-RoINE _dIT-RoINE |
||
| 100 | 1 |
_aDesouche, Marie Therese, _d1945- _954810 |
|
| 245 | 1 | 3 |
_aLe Christ dans l'histoire selon le pape Pie XI : _bun prélude à Vatican II? / _cMarie-Thérèse Desouche ; préface de Mgr Claude Dagens. |
| 260 |
_aParis : _bCerf, _c2008. |
||
| 300 |
_a778 p. ; _c22 cm. |
||
| 336 |
_2rdacontent _atext |
||
| 337 |
_2rdamedia _aunmediated |
||
| 338 |
_2rdacarrier _avolume |
||
| 490 | 1 |
_aCogitatio fidei ; _v265 |
|
| 500 | _aInclude índices. | ||
| 504 | _aBibliografía: p. [725]-762. | ||
| 600 | 0 | 4 |
_96725 _aPío _bXI, _cPapa, _d1857-1939 |
| 610 | 2 | 4 |
_952105 _aIglesia Católica _xHistoria _ySiglo 19o. |
| 650 | 4 |
_91325 _aTeología dogmática |
|
| 650 | 4 |
_91495 _aCristología |
|
| 700 | 1 |
_914517 _aDagens, Claude, _d1940- |
|
| 830 | 0 |
_aCogitatio fidei ; _v265 _920627 |
|
| 942 | _cMTS | ||
| 999 |
_c27804 _d27804 |
||